Informe sobre el desarrollo mundial 1978

Guardat en:
Dades bibliogràfiques
Format: Llibre
Idioma:espanyol
Publicat: Washington, D.C Banco Mundial 1978
Matèries:
Etiquetes: Afegir etiqueta
Sense etiquetes, Sigues el primer a etiquetar aquest registre!

MARC

LEADER 00000nam a2200000 a 4500
001 UCR7824
003 CL-VaPUC
008 980519e19780800US |||||||||||||||||spa|d
082 0 4 |a 330.9  |b INF  |2 21 
245 1 0 |a Informe sobre el desarrollo mundial 1978 
300 |a 133 p 
942 |c BK 
945 |d 19980519 00:00:00  |a crobeson 
260 |a Washington, D.C  |b Banco Mundial  |c 1978 
600 0 7 |a BANCO MUNDIAL  |2 CL-VaPUC  |9 388725 
650 7 |a DESARROLLO ECONOMICO PUBLICACIONES  |2 CL-VaPUC  |9 319368 
650 0 |a Países en desarrollo  |9 259663 
583 |a last modification  |c 19980519 00:00:00  |k Rodrigo Vera 
999 |c 269403  |d 269401